| 000 | 00639nam a2200193 i 4500 | ||
|---|---|---|---|
| 001 | 22004 | ||
| 003 | ES-MaACL | ||
| 005 | 20230929062524.0 | ||
| 007 | t| | ||
| 008 | 021129s1930 sp ||||1| spa d | ||
| 100 | 1 |
_aAlemany Selfa, Bernardo. _919735 |
|
| 245 | 1 | 0 |
_aVocabulario de la obras de Luis de Góngora y Argote / _cpor Bernardo Alemany Selfa. |
| 260 |
_aMadrid : _bRevista de Archivos, Bibliotecas y Museos, _c1930. |
||
| 300 |
_a1026 p. ; _c28 cm. |
||
| 500 | _aObra premiada... por la Real Academia Española. | ||
| 710 | 2 |
_aReal Academia Española _96336 |
|
| 852 |
_aES-MaACL _jB-10686 _bR.21902 |
||
| 999 |
_c22004 _d22004 |
||